000 00742nam a22002297a 4500
003 UA-OsUOA
001 74718
007 ta
008 20110414b un ||||| |||| 00| 0 ukr d
100 _aЛапішко М.Л.
700 _aФілонова І.Б.
090 _a330(477)
_bЛ24
942 _cSA
040 _aUA-OsUOA
_bukr
_cUA-OsUOA
_dUA-OsUOA
245 _aВплив глобалізаційних процесів на функціонування банків в умовах фінансової кризи
300 _aС.64-72
955 _a0
041 _aukr
080 _a330(477)
773 0 _w74710
_tРегіональна економіка
_dЛьвів
_d2011
_g1
650 7 _a330 Економіка взагалі
_2UDC
999 _c361012
_d361012